ბათუმის შოთა რუსთაველის სახელმწიფო უნივერსიტეტის ბიბლიოთეკა

თანამედროვე ზოგადი ენათმეცნიერების საკითხები. კრ. 6 (ბიბ.ჩანაწერი № 51061)

000 -LEADER
fixed length control field 01304nam a2200253Ia 4500
001 - CONTROL NUMBER
control field 18018
003 - CONTROL NUMBER IDENTIFIER
control field GE_BSU
008 - FIXED-LENGTH DATA ELEMENTS--GENERAL INFORMATION
fixed length control field 181216s||||||||xx |||||||||||||| ||und||
040 ## - CATALOGING SOURCE
Transcribing agency GE_BSU
080 ## - UNIVERSAL DECIMAL CLASSIFICATION NUMBER
Universal Decimal Classification number 81'1
245 ## - TITLE STATEMENT
Title თანამედროვე ზოგადი ენათმეცნიერების საკითხები. კრ. 6
245 ## - TITLE STATEMENT
Remainder of title სტატიების კრებული. ეძღვნება ფილოლოგიის მეცნ. დოქტორის პროფესორ ბ. ფოჩხუას ხსოვნას.
245 ## - TITLE STATEMENT
Statement of responsibility, etc. რედ.თ.შარაძენიძე
250 ## - EDITION STATEMENT
Edition statement საქ. სსრ მეცნ. აკად. ენთმეცნიერების ინსტიტუტი
260 ## - PUBLICATION, DISTRIBUTION, ETC.
Place of publication, distribution, etc. თბილისი
260 ## - PUBLICATION, DISTRIBUTION, ETC.
Name of publisher, distributor, etc. მეცნიერება
260 ## - PUBLICATION, DISTRIBUTION, ETC.
Date of publication, distribution, etc. 1981
300 ## - PHYSICAL DESCRIPTION
Extent 153 გვ.26სმ.
520 ## - SUMMARY, ETC.
Summary, etc. სტატიების ბოლოს რეზ. რუს
653 ## - INDEX TERM--UNCONTROLLED
Uncontrolled term ზოგადი ენათმეცნიერება
653 ## - INDEX TERM--UNCONTROLLED
Uncontrolled term თანამედროვე ზოგადი ენათმეცნიერების საკითხები
653 ## - INDEX TERM--UNCONTROLLED
Uncontrolled term კავკასიური ენები
942 ## - ADDED ENTRY ELEMENTS (KOHA)
Koha item type წიგნი
ეგზემპლარები
Withdrawn status Lost status Damaged status Not for loan Date acquired Barcode Date last seen Price effective from Koha item type
        2018-12-17 45962 2018-12-17 2018-12-17 წიგნი